MARC

LEADER 00000nmm0a2200000 4500
001 27693
005 20231030202312.0
010 |a 0333710622 
035 |a (RuTPU)RU\TPU\book\27946 
035 |a BOOK00028021 
090 |a 27693 
100 |a 20011209d1999 m y0engy50 ba 
101 0 |a eng 
102 |a GB 
105 |a y j 000zy 
200 1 |a Prospects. Intermediate  |e Teacher's Book  |f K. Wilson 
210 |a Oxford  |c Macmillan  |c Heinemann  |d 1999 
215 |a 182 p.  |e кассета 
610 1 |a английский язык 
610 1 |a учебные пособия 
610 1 |a разговорная речь 
610 1 |a лексика 
610 1 |a грамматика 
610 1 |a упражнения 
610 1 |a кассеты 
610 1 |a преподавание 
610 1 |a методика 
686 |a Ш143.21-923  |v LBC/SL-A  |2 rubbk 
700 1 |a Wilson  |b K.  |g Ken 
801 0 |a RU  |b 63413507  |c 20011209  |g PSBO 
801 2 |a RU  |b 63413507  |c 20150623  |g PSBO 
942 |c MX